000 01308cam a22003737a 4500
003 CHAP
005 20220817043900.0
008 030313d2003 mx r 00110 spa d
010 _a86947
011 _a87919
035 _a98464
040 _cCHAP
090 _aTesis
100 0 0 _aSalinas Cruz, Ana Lilia.
_9101648
245 1 0 _aInventario de experiencias sobre escuelas y centros de capacitación campesina en México
_c/por Ana Lilia Salinas Cruz
260 _aChapingo, Méx. :
_bEl autor,
_c2003.
300 _a102 h.
502 _aTesis (Ing. en Agroecología) -- UACH. Departamento de Agroecología
590 _aALEPH
_b10
_c20130110
_lUCH01
_h1452
590 _aBATCH-UPD
_b10
_c20130110
_lUCH01
_h0723
590 _aBATCH-UPD
_b10
_c20130410
_lUCH01
_h0407
590 _aBATCH-UPD
_b10
_c20130914
_lUCH01
_h0829
590 _aCONVERSION
_b10
_c20130109
_lUCH01
_h1348
650 1 4 _aCampesinado
_zMéxico.
650 1 4 _aCapacitación.
_918690
650 1 4 _aEducación rural
_xMéxico.
_935591
650 1 4 _aEscuelas agrícolas
_xMéxico.
_937645
650 1 4 _aEscuelas rurales
_xMéxico.
_937666
901 _aBK
905 _aMayto Villalobos S.
942 _cFOLL
949 _aTesis
_bBC
_cTES
_d33724000887485
_eTS2
_fc.2
_h40529
_i98464
_sb
949 _aTesis
_bBC
_cTES
_d98464
_eTS1
_h40528
_i98464
_sb
999 _c86947
_d86947